000 00626nam a22001937a 4500
999 _c20039
_d20039
003 AR-CdUCM
008 190524b ||||| |||| 00| 0 eng d
040 _aMUNICIPALIDAD PROVINCIAL DEL CUSCO
_cBIBLIOTECA MUNICIPAL DEL CUSCO
082 _a658.8 /
_bK87
100 _aKotler, Philip
_940380
245 _aMarketing management and strategy a reader /
260 _aNew Jersey :
_bHall,
_c1980.
300 _a432 páginas ;
_b24 cm.
_cGráficos, Imágenes
500 _aNota : el texto se encuentra en idioma Ingles
505 _aContenido : marketing
700 _aCox, Keith
_941918
942 _2ddc
_cLIBROS
945 _arcc